ISO 9000 ISO 9001 100 Success Secrets : The Missing ISO 9000, ISO 9001, ISO 9001 2000, ISO 9000 2000 Checklist, Certification, Quality, Audit And Training Guide
| Main Author: | |
|---|---|
| Format: | Book |
| Language: | English |
| Published: |
USA :
La Vergne ,
2008
|
| Subjects: |
MARC
| LEADER | 00000cam a2200000 7i4500 | ||
|---|---|---|---|
| 001 | 0000106917 | ||
| 005 | 20140703.0 | ||
| 008 | 100526 eng | ||
| 020 | |a 9780980497120 | ||
| 090 | 0 | 0 | |a 658.562 BLO |
| 100 | 1 | |a Blokdijk, Gerard | |
| 245 | 1 | 0 | |a ISO 9000 ISO 9001 100 Success Secrets : |b The Missing ISO 9000, ISO 9001, ISO 9001 2000, ISO 9000 2000 Checklist, Certification, Quality, Audit And Training Guide |c Gerard Blokdijk |
| 260 | |a USA : |b La Vergne , |c 2008 | ||
| 300 | |a 164p. ; |c 22cm. | ||
| 650 | 0 | 0 | |a Quality Control |
| 999 | |a 0000262569 |b Buku |c Rujukan |e Perbadanan Perpustakaan Awam Melaka | ||